LEADER 02264oam 2200613 450 001 9910716822903321 005 20211013113915.0 035 $a(CKB)5470000002525960 035 $a(OCoLC)680278388$z(OCoLC)622724123$z(OCoLC)667908547$z(OCoLC)985369033 035 $a(OCoLC)995470000002525960 035 $a(EXLCZ)995470000002525960 100 $a20101110d2001 ua 0 101 0 $aeng 135 $aurmn||||||||| 181 $ctxt$2rdacontent 182 $cc$2rdamedia 183 $acr$2rdacarrier 200 10$aIndications and potential sources of change in sand transport in the Brazos River, Texas /$fby David D. Dunn and Timothy H. Raines ; in cooperation with the Texas Parks and Wildlife Department and the University of Texas Bureau of Economic Geology 210 1$aAustin, Texas :$cU.S. Geological Survey,$d2001. 215 $a1 online resource (iv, 32 pages) $cillustrations (some color), color maps 225 1 $aWater-resources investigations report ;$v01-4057 320 $aIncludes bibliographical references (pages 31-32). 606 $aSediment transport$zTexas$zBrazos River 606 $aSand$zTexas$zBrazos River 606 $aLand use$xEnvironmental aspects$zTexas$zBrazos River Watershed 606 $aLand use$xEnvironmental aspects$2fast 606 $aSand$2fast 606 $aSediment transport$2fast 607 $aTexas$zBrazos River$2fast 607 $aTexas$zBrazos River Watershed$2fast 615 0$aSediment transport 615 0$aSand 615 0$aLand use$xEnvironmental aspects 615 7$aLand use$xEnvironmental aspects. 615 7$aSand. 615 7$aSediment transport. 700 $aDunn$b David D.$01407618 702 $aRaines$b Timothy H. 712 02$aGeological Survey (U.S.), 712 02$aTexas.$bParks and Wildlife Department. 712 02$aUniversity of Texas.$bBureau of Economic Geology. 801 0$bOCLCE 801 1$bOCLCE 801 2$bOCLCQ 801 2$bOCLCO 801 2$bOCLCF 801 2$bOCLCQ 801 2$bCOP 801 2$bOCLCQ 801 2$bGPO 906 $aBOOK 912 $a9910716822903321 996 $aIndications and potential sources of change in sand transport in the Brazos River, Texas$93489559 997 $aUNINA LEADER 03010nam 22005411 450 001 9910798413403321 005 20161110092546.0 010 $a1-350-01889-9 010 $a1-350-01887-2 024 7 $a10.5040/9781350018891 035 $a(CKB)3710000000828834 035 $a(EBL)4635658 035 $a(OCoLC)957128102 035 $a(MiAaPQ)EBC4635658 035 $a(Au-PeEL)EBL4635658 035 $a(CaPaEBR)ebr11246927 035 $a(CaONFJC)MIL945684 035 $a(OCoLC)1058878286 035 $a(UtOrBLW)bpp09260152 035 $a(EXLCZ)993710000000828834 100 $a20161128d2009 uy 0 101 0 $aeng 135 $aur|n|---||||| 181 $2rdacontent 182 $2rdamedia 183 $2rdacarrier 200 00$aHistory of technology$hVolume twenty, 1998 /$fedited by Graham Hollister-Short 210 1$a[London] :$cBloomsbury Academic,$d2009. 215 $a1 online resource (204 p.) 225 0 $aHistory of technology 300 $aDescription based upon print version of record. 311 $a0-7201-2376-3 320 $aIncludes bibliographical references at the end of each chapters. 327 $aEditorial -- The Contributors -- Notes for Contributors -- The PAL-SECAM Colour Television Controversy / WALTER KAISER -- Inventing the Miracle Battery: Thomas Edison and the Electric Vehicle / GIJS MOM -- Two Knights in Pandemonium: A Worm's-eye View of Boulton, Watt & Co., c. 1800--1820 / JENNIFER TANN -- The Mechanization of Carving: The Development of the Carving Machine, Especially in Relation to the Manufacture of Furniture and the Working of Wood / CLIVE EDWARDS -- Protection and Promotion: Privileges for Inventions and Books of Machines in the Early Modern Period / MARCUS POPPLOW -- The Archer's Paradox and Modelling: A Review / B.W. KOOI -- A New Way of Raising Water by Fire: Denis Papin's Treatise of 1707 and its Reception by Contemporaries / ALAN SMITH -- Contents of Former Volumes. 330 $a"The technical problems confronting different societies and periods, and the measures taken to solve them form the concern of this annual collection of essays. Volumes contain technical articles ranging widely in subject, time and region, as well as general papers on the history of technology. In addition to dealing with the history of technical discovery and change, History of Technology also explores the relations of technology to other aspects of life -- social, cultural and economic -- and shows how technological development has shaped, and been shaped by, the society in which it occurred."--Bloomsbury Publishing. 410 0$aHistory of Technology 517 3 $aHistory of technology. 606 $aTechnology$xHistory 606 $2General & world history 615 0$aTechnology$xHistory. 676 $a609 702 $aHollister-Short$b Graham 801 0$bUtOrBLW 801 1$bUtOrBLW 906 $aBOOK 912 $a9910798413403321 996 $aHistory of technology$956332 997 $aUNINA